Νότες για την Ισαβέλλα : ρομαντικά σπαράγματα επτανησιακής ιστορίας : με το πανομοιότυπο των ελληνικών τραγουδιών από τα χειρόγραφα τετράδια μουσικής της Ισαβέλλας Βούλγαρη (1817-1899)
Αποθηκεύτηκε σε:
| Κύριος συγγραφέας: | |
|---|---|
| Μορφή: | Βιβλίο |
| Γλώσσα: | Greek |
| Δημοσίευση: |
Αθήνα :
Εστία,
2003.
|
| Σειρά: | Μαρτυρίες (Εστία)
|
| Θέματα: | |
| Ετικέτες: |
Προσθήκη ετικέτας
Δεν υπάρχουν, Καταχωρήστε ετικέτα πρώτοι!
|
MARC
| LEADER | 00000cam a2200000 i 4500 | ||
|---|---|---|---|
| 001 | 1/87694 | ||
| 008 | 051018s2003 gr | ||| |||| ||gre|| | ||
| 020 | |a 9600510849 | ||
| 035 | |l 10080886 | ||
| 040 | |a GR-MyUA |b gre |e AACR2 | ||
| 041 | 0 | |a gre | |
| 082 | 0 | |a 938.481 |2 (22) | |
| 100 | 1 | |a Βούλγαρη, Βαλεντίνη. | |
| 245 | 1 | 0 | |a Νότες για την Ισαβέλλα : |b ρομαντικά σπαράγματα επτανησιακής ιστορίας : με το πανομοιότυπο των ελληνικών τραγουδιών από τα χειρόγραφα τετράδια μουσικής της Ισαβέλλας Βούλγαρη (1817-1899) / |c Βαλεντίνη Βούλγαρη. |
| 260 | |a Αθήνα : |b Εστία, |c 2003. | ||
| 300 | |a 439 σ. ; |c 24 εκ. | ||
| 490 | 1 | |a (Μαρτυρίες / Εστία) | |
| 600 | 1 | 0 | |a Βούλγαρη, Ισαβέλλα, |d 1817-1899. |
| 650 | 0 | 0 | |a Women composers |z Greece |z Ionian Islands. |
| 651 | 0 | |a Ionian Islands (Greece) |x History |y 1815-1864. | |
| 651 | 0 | |a Corfu Island (Greece) |x History. | |
| 651 | 0 | |a Ionian Islands (Greece) |x Social life and customs. | |
| 830 | 0 | |a Μαρτυρίες (Εστία) | |
| 852 | |a INST |b SAMOS |e 20051018 |h 938.481 ΒΟΥ |p 005300022970 |q 005300022970 |t BK |y 0 | ||
| 901 | |a BIBL3-2005-3 | ||
| 909 | |a Σ |b 113901 | ||
| 970 | |a Μαλαγάρη |b Φωτεινή |z 2005/10/18 | ||